<?xml version="1.0" encoding="UTF-8"?><?xml-stylesheet type="text/xsl" href="static/style.xsl"?><OAI-PMH xmlns="http://www.openarchives.org/OAI/2.0/" xmlns:xsi="http://www.w3.org/2001/XMLSchema-instance" xsi:schemaLocation="http://www.openarchives.org/OAI/2.0/ http://www.openarchives.org/OAI/2.0/OAI-PMH.xsd"><responseDate>2026-04-17T02:40:01Z</responseDate><request verb="GetRecord" identifier="oai:www.recercat.cat:10256/22947" metadataPrefix="marc">https://recercat.cat/oai/request</request><GetRecord><record><header><identifier>oai:recercat.cat:10256/22947</identifier><datestamp>2024-05-22T11:36:00Z</datestamp><setSpec>com_2072_452966</setSpec><setSpec>com_2072_2054</setSpec><setSpec>col_2072_452968</setSpec></header><metadata><record xmlns="http://www.loc.gov/MARC21/slim" xmlns:dcterms="http://purl.org/dc/terms/" xmlns:xsi="http://www.w3.org/2001/XMLSchema-instance" xmlns:doc="http://www.lyncode.com/xoai" xsi:schemaLocation="http://www.loc.gov/MARC21/slim http://www.loc.gov/standards/marcxml/schema/MARC21slim.xsd">
   <leader>00925njm 22002777a 4500</leader>
   <datafield ind2=" " ind1=" " tag="042">
      <subfield code="a">dc</subfield>
   </datafield>
   <datafield ind2=" " ind1=" " tag="720">
      <subfield code="a">Tarrida Coll, Mireia</subfield>
      <subfield code="e">author</subfield>
   </datafield>
   <datafield ind2=" " ind1=" " tag="260">
      <subfield code="c">2022-06-01</subfield>
   </datafield>
   <datafield ind2=" " ind1=" " tag="520">
      <subfield code="a">In the present work a qualitative research is carried out with the aim of knowing&#xd;
how the social stigma is manifested and overcome in relation to the people who&#xd;
have been deprived of liberty by themselves and by expert professionals. To this&#xd;
end, a sample of two men from the ex-prison population and four professionals, we&#xd;
proceeded to conduct interviews focused on discovering their experience and&#xd;
opinion regarding the rehabilitation model, social stigma, their management of this.&#xd;
The results obtained make it possible to determine the experience of the group, as&#xd;
well as the resources to be able to carry out an adequate reintegration, and allow to&#xd;
identify the methodology of work of the associations to accompany the group, and&#xd;
the reasons of the maintenance and the possible stigma reduction.</subfield>
   </datafield>
   <datafield ind2=" " ind1=" " tag="520">
      <subfield code="a">En el present treball es realitza una investigació qualitativa amb l'objectiu de&#xd;
conèixer com es manifesta i se supera l'estigma social en relació amb les persones&#xd;
que han estat privades de llibertat per part d'elles mateixes i de professionals experts&#xd;
i expertes. A tal efecte, mitjançant una mostra composta per dos homes de la&#xd;
població exreclusa i quatre professionals, es va procedir a la realització d'entrevistes&#xd;
enfocades en descobrir la seva experiència i opinió respecte al model rehabilitador,&#xd;
l'estigma social, la seva gestió d'aquest. Els resultats obtinguts possibiliten&#xd;
determinar la vivència del col·lectiu, així com els recursos per poder dur a terme&#xd;
una adequada reinserció, i permeten identificar la metodologia de treball de les&#xd;
associacions per acompanyar al col·lectiu, i els motius del manteniment i la possible&#xd;
reducció de l'estigma.</subfield>
   </datafield>
   <datafield ind2=" " ind1=" " tag="520">
      <subfield code="a">3</subfield>
   </datafield>
   <datafield ind1="8" ind2=" " tag="024">
      <subfield code="a">http://hdl.handle.net/10256/22947</subfield>
   </datafield>
   <datafield tag="653" ind2=" " ind1=" ">
      <subfield code="a">Estigma (Psicologia social)</subfield>
   </datafield>
   <datafield tag="653" ind2=" " ind1=" ">
      <subfield code="a">Stigma (Social psychology)</subfield>
   </datafield>
   <datafield tag="653" ind2=" " ind1=" ">
      <subfield code="a">Delinqüents--Rehabilitació</subfield>
   </datafield>
   <datafield tag="653" ind2=" " ind1=" ">
      <subfield code="a">Criminals--Rehabilitation</subfield>
   </datafield>
   <datafield tag="653" ind2=" " ind1=" ">
      <subfield code="a">Expresos</subfield>
   </datafield>
   <datafield tag="653" ind2=" " ind1=" ">
      <subfield code="a">Ex-convicts</subfield>
   </datafield>
   <datafield tag="653" ind2=" " ind1=" ">
      <subfield code="a">Aïllament social</subfield>
   </datafield>
   <datafield tag="653" ind2=" " ind1=" ">
      <subfield code="a">Social isolation</subfield>
   </datafield>
   <datafield tag="653" ind2=" " ind1=" ">
      <subfield code="a">Reeducació</subfield>
   </datafield>
   <datafield tag="653" ind2=" " ind1=" ">
      <subfield code="a">reeducation</subfield>
   </datafield>
   <datafield tag="653" ind2=" " ind1=" ">
      <subfield code="a">Investigació qualitativa</subfield>
   </datafield>
   <datafield tag="653" ind2=" " ind1=" ">
      <subfield code="a">Qualitative research</subfield>
   </datafield>
   <datafield ind2="0" ind1="0" tag="245">
      <subfield code="a">Supervivència per trencar els estigmes vigents envers les persones que han estat privades de llibertat</subfield>
   </datafield>
</record></metadata></record></GetRecord></OAI-PMH>